[Event "HUN-chT2 Barcza 1617"]
[Site "Hungary"]
[Date "2016.11.13"]
[Round "4.11"]
[White "Bibliak, Gabor"]
[Black "Vagner, Gergo"]
[Result "1/2-1/2"]
[WhiteElo "1613"]
[BlackElo "1741"]
[PlyCount "66"]
[EventDate "2016.09.25"]
[EventType "team-tourn"]
[EventRounds "11"]
[EventCountry "HUN"]
[SourceTitle "EXT 2021"]
[Source "ChessBase"]
[SourceDate "2020.10.23"]
[SourceVersion "1"]
[SourceVersionDate "2020.10.23"]
[SourceQuality "1"]
[WhiteTeam "Edeleny"]
[BlackTeam "Tiszavasvar"]
[WhiteTeamCountry "HUN"]
[BlackTeamCountry "HUN"]

1. Nf3 Nf6 2. c4 g6 3. Nc3 Bg7 4. d4 d6 5. Bg5 0-0 6. e3 Nbd7 7. Be2 c5 8. 0-0 b6 9. h3 Bb7 10. Re1 Ne4 11. Nxe4 Bxe4 12. Nd2 Bb7 13. Bf3 Rb8 14. Rb1 Nf6 15. Bxb7 Rxb7 16. Qf3 Qd7 17. d5 b5 18. e4 Qc7 19. cxb5 Rxb5 20. Nc4 Rb4 21. b3 Re8 22. e5 dxe5 23. d6 Qb7 24. Qxb7 Rxb7 25. Rxe5 exd6 26. Nxd6 Rxe5 27. Bxf6 Bxf6 28. Nxb7 Kf8 29. Rc1 Be7 30. Rc2 Ke8 31. Kf1 Kd7 32. Na5 Kc7 33. Nc4 Re6 1/2-1/2

[Event "HUN-chT2 Barcza 1617"]
[Site "Hungary"]
[Date "2016.10.30"]
[Round "3.12"]
[White "Venter, Mate"]
[Black "Vagner, Gergo"]
[Result "1/2-1/2"]
[WhiteElo "1739"]
[BlackElo "1741"]
[PlyCount "50"]
[EventDate "2016.09.25"]
[EventType "team-tourn"]
[EventRounds "11"]
[EventCountry "HUN"]
[SourceTitle "EXT 2021"]
[Source "ChessBase"]
[SourceDate "2020.10.23"]
[SourceVersion "1"]
[SourceVersionDate "2020.10.23"]
[SourceQuality "1"]
[WhiteTeam "Hajduboszormeny"]
[BlackTeam "Tiszavasvar"]
[WhiteTeamCountry "HUN"]
[BlackTeamCountry "HUN"]

1. d4 d5 2. c4 e6 3. Nf3 Nf6 4. e3 Nbd7 5. Nc3 Bb4 6. Qb3 Bxc3+ 7. bxc3 b6 8. Ba3 Bb7 9. c5 Rb8 10. cxb6 axb6 11. Be2 c5 12. 0-0 0-0 13. Rab1 Qc7 14. Rb2 Rfc8 15. Rfb1 cxd4 16. cxd4 Qc3 17. Qxc3 Rxc3 18. Bb4 Rcc8 19. Ne5 Nxe5 20. dxe5 Nd7 21. Bb5 Bc6 22. Bxc6 Rxc6 23. f4 Rbc8 24. Kf2 Nc5 25. Ke2 f6 1/2-1/2

[Event "HUN-chT2 Barcza 1516"]
[Site "Hungary"]
[Date "2016.02.14"]
[Round "7.11"]
[White "Saller, Imre"]
[Black "Vagner, Gergo"]
[Result "1/2-1/2"]
[WhiteElo "1803"]
[BlackElo "1695"]
[PlyCount "64"]
[EventDate "2015.09.13"]
[EventType "team-tourn"]
[EventRounds "11"]
[EventCountry "HUN"]
[SourceTitle "EXT 2017"]
[Source "ChessBase"]
[SourceDate "2016.10.25"]
[SourceVersion "1"]
[SourceVersionDate "2016.10.25"]
[SourceQuality "1"]
[WhiteTeam "Hajduszoboszlo"]
[BlackTeam "Tiszavasvar"]
[WhiteTeamCountry "HUN"]
[BlackTeamCountry "HUN"]

1. d4 d5 2. Nf3 Nf6 3. c4 e6 4. Nc3 Be7 5. Bg5 Nbd7 6. e3 0-0 7. h3 c6 8. Bd3 dxc4 9. Bxc4 Nd5 10. Bxe7 Qxe7 11. 0-0 Rd8 12. Qe2 N7f6 13. Bd3 c5 14. Rac1 cxd4 15. Nxd4 Nxc3 16. Rxc3 Nd5 17. Rcc1 Bd7 18. a3 Rac8 19. Bb5 a6 20. Bxd7 Qxd7 21. Rfd1 Qe7 22. Rc2 Rc7 23. Rdc1 Rdc8 24. Qd2 Rxc2 25. Rxc2 Rxc2 26. Qxc2 Qc7 27. Qxc7 Nxc7 28. e4 Ne8 29. b4 Nd6 30. f3 b5 31. Nc6 Nc4 32. Nb8 Nxa3 1/2-1/2

[Event "HUN-ch U10"]
[Site "Balatonlelle"]
[Date "2013.06.23"]
[Round "3"]
[White "Pribelszky, Bence"]
[Black "Vagner, Gergo"]
[Result "1-0"]
[WhiteElo "1734"]
[BlackElo "1578"]
[PlyCount "99"]
[EventDate "2013.??.??"]
[EventType "tourn"]
[EventRounds "9"]
[EventCountry "HUN"]
[SourceTitle "EXT 2014"]
[Source "ChessBase"]
[SourceDate "2013.11.20"]
[SourceVersion "1"]
[SourceVersionDate "2013.11.20"]
[SourceQuality "1"]

1. e4 e5 2. Nf3 Nc6 3. Bc4 Nf6 4. d3 Be7 5. c3 0-0 6. Nbd2 h6 7. Bb3 d6 8. Nf1 a6 9. h3 Na5 10. Bc2 Be6 11. Ng3 Qd7 12. 0-0 Rad8 13. Nh2 Nh7 14. Qf3 d5 15. Ng4 Nc6 16. Ne3 d4 17. Nef5 Bg5 18. h4 Bxc1 19. Raxc1 Nf6 20. Nxh6+ Kh7 21. Nhf5 g6 22. Nxd4 Nxd4 23. cxd4 Qxd4 24. Qxf6 Qxb2 25. Bb1 c6 26. h5 Rde8 27. h6 Rg8 28. Rc2 Qb4 29. Ne2 Qd6 30. Rb2 b5 31. f4 exf4 32. Nxf4 Re7 33. Qc3 c5 34. Nxe6 fxe6 35. Rbf2 Qc7 36. d4 c4 37. d5 e5 38. Qb4 Qd7 39. Qxe7+ Qxe7 40. Rf7+ Qxf7 41. Rxf7+ Kxh6 42. Re7 c3 43. Rxe5 Rc8 44. Bc2 b4 45. d6 Rd8 46. Rd5 a5 47. e5 a4 48. e6 b3 49. axb3 a3 50. e7 1-0